000
00219nam a2200097Ia 4500
008
220204s9999 xx 000 0 und d
082
_a
82-3
_b
WAL
100
_a
Waller, Leslie
245
0
_a
Change in the wind
942
_c
BK
999
_c
32942
_d
32942